000 01202nam a22002537a 4500
999 _c64493
_d64493
005 20240530110734.0
008 180703s2010 ua g b 000 0 ara d
017 _bمصر. دار الكتب
040 _aEG-CaGPL
_cEG-CaGPL
082 0 4 _221
_a155.455 /
_bأ ب
100 0 _aاحمد نبيل محمود البحراوى
245 1 0 _aبرنامج لتنمية بعض المهارات العقلية للموهوبين رياضيا فى رياضة الملاكمة واثره على مستوى الاداء /
_cاعداد احمد نبيل محمود البحراوى ؛ اشراف ليلى احمد كرم الدين، عبدالحفيظ اسماعيل احمد
260 _aالقاهرة :
_bالمؤلف ،
_c2010.
300 _a202 ص. ؛
_c24 سم.
504 _aيشتمل على ارجاعات ببليوجرافية
650 0 7 _2qrmak
_aالمهارات
650 0 7 _2qrmak
_aالملاكمة
650 0 7 _2qrmak
_aالالعاب الرياضية
651 _2qrmak
700 0 _aليلى احمد كرم الدين
_eمشرف
700 0 _aعبدالحفيظ اسماعيل احمد
_eمشرف مساعد
942 _2ddc
_cBK